000 01918nam a22003137a 4500
005 2012011202052.0
010 _aENG-104710 B-489774-777
020 _a9781259005312
_c625.00
020 _a1259005313
_c625.00
035 _aEN-88243 B-489774-777
037 _bDBAD/PUB
037 _bK.K.Pub/Ven
082 0 0 _a005.7565
100 _aMcLaughlin, Michael
_955176
245 0 0 _aOracle database 11g & MySQL 5.6 developer handbook /
_cby Michael McLaughlin
260 _aNew Delhi
_bTata McGraw-Hill
_c2011
270 _a7 West Patel Nagar
_bNew Delhi
_e110001
300 _axxvi, 578 p. :
_bill.
_c24cm(pbk)
500 _aIncludes index
650 0 _aDatabase management.
_955177
942 _2ddc
_cEN
_h005.7565
_mMCL
999 _c60809
_d60809